| 000 | 00784nam a2200289Ia 4500 | ||
|---|---|---|---|
| 001 | 13311 | ||
| 003 | IT-RoPAU | ||
| 008 | 130308s9999 xx 000 0 und d | ||
| 040 | _aIT-RoPAU | ||
| 040 | _cIT-RoPAU | ||
| 041 | _aITALIANO | ||
| 100 | _aParente Alfredo | ||
| 100 | _gCodice Aut. SPICS: 2877 | ||
| 245 | _aDal melodramma alla sinfonia-A proposito della polemica Pannain-Casella | ||
| 245 | _bRassegna Musicale (La)-Antologia | ||
| 250 | _a1a ed. | ||
| 260 | _aMILANO | ||
| 260 | _bFeltrinelli | ||
| 260 | _c1966 [1° Ed.:1966 - Ed.Ling.Originale:1931] | ||
| 300 | _a"3 p. (prefazione: no ; testo: 3 [pagine: 504-506])" | ||
| 650 | _aSAGGI MUSICALI | ||
| 650 | _eCodice materia Spics: 7011 | ||
| 942 | _cBK | ||
| 957 | _71 | ||
| 999 |
_c59804 _d59804 |
||
| 999 | _bSI | ||
| 999 | _g1 | ||